My life in law and politics : memoirs and biography of B. J. da Rocha / (Record no. 10324)
[ view plain ]
| 000 -LEADER | |
|---|---|
| fixed length control field | 01171nam a22002057a 4500 |
| 003 - CONTROL NUMBER IDENTIFIER | |
| control field | OSt |
| 005 - DATE AND TIME OF LATEST TRANSACTION | |
| control field | 20240816153458.0 |
| 008 - FIXED-LENGTH DATA ELEMENTS--GENERAL INFORMATION | |
| fixed length control field | 240719b ||||| |||| 00| 0 eng d |
| 020 ## - INTERNATIONAL STANDARD BOOK NUMBER | |
| International Standard Book Number | 9789988321659 |
| 040 ## - CATALOGING SOURCE | |
| Transcribing agency | WIUC |
| 050 ## - LIBRARY OF CONGRESS CALL NUMBER | |
| Classification number | REF |
| 100 ## - MAIN ENTRY--PERSONAL NAME | |
| Personal name | da Rocha, B. J. |
| 9 (RLIN) | 2926 |
| 245 ## - TITLE STATEMENT | |
| Title | My life in law and politics : memoirs and biography of B. J. da Rocha / |
| Statement of responsibility, etc. | B. J. da Rocha with Ayodele Kinsley-Nyinah. |
| 260 ## - PUBLICATION, DISTRIBUTION, ETC. | |
| Place of publication, distribution, etc. | Accra : |
| Name of publisher, distributor, etc. | da Rocha Institute for Excellence in Law and Politics, |
| Date of publication, distribution, etc. | 2020. |
| 300 ## - PHYSICAL DESCRIPTION | |
| Extent | 10, 259 p. : |
| Other physical details | ill., col. ; |
| Dimensions | 24 cm. |
| 500 ## - GENERAL NOTE | |
| General note | Includes appendix. |
| 505 ## - FORMATTED CONTENTS NOTE | |
| Formatted contents note | Contents : Introduction: Part I : Autobiography : The early years -- My journey into law -- My first years at the bar -- Trials and tribulations of legal practice -- A new political era: the politics of independence -- Legal education -- Post-independence politics -- Political trials -- Political trials -- Post independence -- Foray into politics -- A new regime -- Military rule -- Part II : Epilogue and biographical appendage to autobiography : Transition -- A political career in Ghana -- The final years. |
| 700 ## - ADDED ENTRY--PERSONAL NAME | |
| Personal name | Kinsley-Nyinah, Ayodele. |
| 9 (RLIN) | 2927 |
| 942 ## - ADDED ENTRY ELEMENTS (KOHA) | |
| Source of classification or shelving scheme | Library of Congress Classification |
| Koha item type | Books |
| Withdrawn status | Lost status | Source of classification or shelving scheme | Damaged status | Not for loan | Home library | Current library | Shelving location | Date acquired | Total Checkouts | Full call number | Barcode | Date last seen | Copy number | Price effective from | Koha item type |
|---|---|---|---|---|---|---|---|---|---|---|---|---|---|---|---|
| Library of Congress Classification | WISCONSIN INTERNATIONAL UNIVERSITY COLLEGE, GHANA - MAIN LIBRARY | WISCONSIN INTERNATIONAL UNIVERSITY COLLEGE, GHANA - MAIN LIBRARY | Law Library | 22/07/2024 | REF | 3341/449/24 | 22/07/2024 | 1 | 22/07/2024 | Books | |||||
| Library of Congress Classification | WISCONSIN INTERNATIONAL UNIVERSITY COLLEGE, GHANA - MAIN LIBRARY | WISCONSIN INTERNATIONAL UNIVERSITY COLLEGE, GHANA - MAIN LIBRARY | REF - SPECIAL LAW COLLECTION | 16/08/2024 | REF | 316/316/24 | 16/08/2024 | 1 | 16/08/2024 | Books |
